[Event "Halden Spring B"]
[Site "Halden"]
[Date "2012.04.02"]
[Round "5"]
[White "Dahl, Gustaf"]
[Black "Samuelsen, Terje C"]
[Result "1/2-1/2"]
[WhiteElo "1279"]
[BlackElo "1199"]
[PlyCount "53"]
[EventDate "2012.04.02"]
[EventType "swiss"]
[EventRounds "5"]
[EventCountry "NOR"]
[SourceTitle "EXT 2024"]
[Source "ChessBase"]
[SourceDate "2023.10.10"]
[SourceVersion "1"]
[SourceVersionDate "2023.10.10"]
[SourceQuality "1"]

1. e4 c5 2. c4 Nc6 3. Nf3 Nf6 4. d3 d6 5. Be2 Bg4 6. h3 Bxf3 7. Bxf3 Nd4 8. Nc3 e6 9. Be3 Nxf3+ 10. Qxf3 Nd7 11. d4 b6 12. b3 Qf6 13. Qxf6 Nxf6 14. d5 a6 15. 0-0 Be7 16. f4 exd5 17. Nxd5 Nxd5 18. exd5 0-0 19. Rae1 Rfe8 20. Re2 Bf6 21. g3 Bd4 22. Kf2 Bxe3+ 23. Rxe3 Rxe3 24. Kxe3 Re8+ 25. Kf2 f5 26. Re1 Rxe1 27. Kxe1 1/2-1/2

[Event "Halden Spring B"]
[Site "Halden"]
[Date "2012.04.02"]
[Round "1"]
[White "Oberg, Lasse"]
[Black "Samuelsen, Terje C"]
[Result "0-1"]
[WhiteElo "1004"]
[BlackElo "1199"]
[PlyCount "46"]
[EventDate "2012.04.02"]
[EventType "swiss"]
[EventRounds "5"]
[EventCountry "NOR"]
[SourceTitle "EXT 2024"]
[Source "ChessBase"]
[SourceDate "2023.10.10"]
[SourceVersion "1"]
[SourceVersionDate "2023.10.10"]
[SourceQuality "1"]

1. c4 e5 2. e3 Nc6 3. Ne2 Nf6 4. a3 Be7 5. g3 d5 6. Ng1 0-0 7. Qc2 d4 8. d3 dxe3 9. Bxe3 Nd4 10. Qd2 Bg4 11. Bxd4 Qxd4 12. h3 Bf5 13. Nf3 Qd7 14. g4 Bg6 15. Nxe5 Qe6 16. f4 Bd6 17. Qe2 Bxe5 18. fxe5 Qb6 19. Rh2 Rfe8 20. Qd2 Rxe5+ 21. Re2 Rae8 22. Rxe5 Rxe5+ 23. Be2 Qg1# 0-1

[Event "Halden Spring B"]
[Site "Halden"]
[Date "2012.04.02"]
[Round "4"]
[White "Samuelsen, Terje C"]
[Black "Sjoberg, Svein"]
[Result "1-0"]
[WhiteElo "1199"]
[BlackElo "1196"]
[PlyCount "77"]
[EventDate "2012.04.02"]
[EventType "swiss"]
[EventRounds "5"]
[EventCountry "NOR"]
[SourceTitle "EXT 2024"]
[Source "ChessBase"]
[SourceDate "2023.10.10"]
[SourceVersion "1"]
[SourceVersionDate "2023.10.10"]
[SourceQuality "1"]

1. Nc3 d5 2. e4 dxe4 3. Nxe4 Nc6 4. Nf3 Nf6 5. Nxf6+ exf6 6. Bc4 Be6 7. Qe2 Qe7 8. Bb5 Bd5 9. Qxe7+ Bxe7 10. Nd4 0-0 11. Bxc6 bxc6 12. 0-0 Bd6 13. d3 Rfe8 14. c4 Be5 15. Nb3 Be6 16. f4 Bd6 17. f5 Bd7 18. c5 Bf8 19. Bf4 Bxf5 20. d4 Re7 21. Bxc7 Rxc7 22. Rxf5 Re8 23. Raf1 Re2 24. R5f2 Rce7 25. Na5 R7e6 26. b3 g6 27. Rxe2 Rxe2 28. Nxc6 Rxa2 29. b4 f5 30. Rd1 a6 31. d5 Bg7 32. d6 Bf6 33. d7 a5 34. d8Q+ Bxd8 35. Rxd8+ Kg7 36. bxa5 Ra1+ 37. Kf2 Ra2+ 38. Kf3 Ra3+ 39. Kf4 1-0

[Event "Halden CC-ch"]
[Site "Halden"]
[Date "2012.01.24"]
[Round "6"]
[White "Samuelsen, Terje C"]
[Black "Dahl, Gustaf"]
[Result "1/2-1/2"]
[WhiteElo "1205"]
[BlackElo "1280"]
[PlyCount "37"]
[EventDate "2012.01.24"]
[EventType "swiss"]
[EventRounds "9"]
[EventCountry "NOR"]
[SourceTitle "EXT 2024"]
[Source "ChessBase"]
[SourceDate "2023.10.10"]
[SourceVersion "1"]
[SourceVersionDate "2023.10.10"]
[SourceQuality "1"]

1. e4 e5 2. Nc3 Nc6 3. Bc4 Bc5 4. d3 Nf6 5. Nf3 h6 6. 0-0 d6 7. Re1 Bg4 8. h3 Bh5 9. Be3 Nd4 10. Bxd4 Bxd4 11. Rb1 0-0 12. Ne2 Bxf3 13. gxf3 Bb6 14. Nc3 g6 15. Qd2 Kg7 16. Kh1 Nh7 17. Rg1 Kh8 18. Qxh6 Qf6 19. Kg2 1/2-1/2

[Event "Halden Autumn"]
[Site "Halden"]
[Date "2011.11.15"]
[Round "9"]
[White "Skaug, Thorbjorn"]
[Black "Samuelsen, Terje C"]
[Result "1/2-1/2"]
[WhiteElo "1115"]
[BlackElo "1214"]
[PlyCount "42"]
[EventDate "2011.08.30"]
[EventType "swiss"]
[EventRounds "9"]
[EventCountry "NOR"]
[SourceTitle "EXT 2024"]
[Source "ChessBase"]
[SourceDate "2023.10.10"]
[SourceVersion "1"]
[SourceVersionDate "2023.10.10"]
[SourceQuality "1"]

1. b4 Nf6 2. Bb2 e6 3. b5 c6 4. c4 cxb5 5. cxb5 d5 6. e3 Be7 7. Nf3 Nbd7 8. Nc3 0-0 9. Be2 b6 10. 0-0 Bb7 11. d4 Rc8 12. Qb3 Bd6 13. Rfc1 Qe7 14. a4 Bb4 15. Ba3 Bxa3 16. Rxa3 Ne4 17. Qb2 Nxc3 18. Raxc3 Rxc3 19. Rxc3 Rc8 20. Rxc8+ Bxc8 21. Qc2 Qd8 1/2-1/2